Bringing the rain to Kapiti Plain : (Record no. 176)

MARC details
000 -LEADER
fixed length control field 01229nam a22003377a 4500
001 - CONTROL NUMBER
control field 176
003 - CONTROL NUMBER IDENTIFIER
control field FISKH
005 - DATE AND TIME OF LATEST TRANSACTION
control field 20230328161817.0
008 - FIXED-LENGTH DATA ELEMENTS--GENERAL INFORMATION
fixed length control field 230302b cb ||||| |||| 00| 0 eng d
010 ## - LIBRARY OF CONGRESS CONTROL NUMBER
LC control number 8025886
040 ## - CATALOGING SOURCE
Original cataloging agency DLC
Language of cataloging eng
Transcribing agency DLC
Modifying agency DLC
-- FISKH
042 ## - AUTHENTICATION CODE
Authentication code lcac
050 00 - LIBRARY OF CONGRESS CALL NUMBER
Classification number PZ8.3.A123
Item number Br
051 ## - LIBRARY OF CONGRESS COPY, ISSUE, OFFPRINT STATEMENT
Classification number PZ8.3.A123
Item number Br Copy 2
Copy information Juv Coll
082 00 - DEWEY DECIMAL CLASSIFICATION NUMBER
Classification number 811.54
Edition number 19
100 1# - MAIN ENTRY--PERSONAL NAME
Personal name Aardema, Verna.
245 10 - TITLE STATEMENT
Title Bringing the rain to Kapiti Plain :
Remainder of title a Nandi tale /
Statement of responsibility, etc. retold by Verna Aardema ; pictures by Beatriz Vidal.
260 ## - PUBLICATION, DISTRIBUTION, ETC.
Place of publication, distribution, etc. New York
Name of publisher, distributor, etc. Penguin
Date of publication, distribution, etc. 1981
300 ## - PHYSICAL DESCRIPTION
Extent 16 leaves of plates
Other physical details col. ill. ;
Dimensions 22 x 28 cm.
505 ## - FORMATTED CONTENTS NOTE
Formatted contents note NP
520 ## - SUMMARY, ETC.
Summary, etc. A cumulative rhyme relating how Ki-pat brought rain to the drought-stricken Kapiti Plain.
650 #1 - SUBJECT ADDED ENTRY--TOPICAL TERM
Topical term or geographic name entry element Droughts
General subdivision Fiction.
650 #1 - SUBJECT ADDED ENTRY--TOPICAL TERM
Topical term or geographic name entry element Stories in rhyme.
651 #1 - SUBJECT ADDED ENTRY--GEOGRAPHIC NAME
Geographic name Africa
700 1# - ADDED ENTRY--PERSONAL NAME
Personal name Vidal, Beatriz.
710 2# - ADDED ENTRY--CORPORATE NAME
Corporate name or jurisdiction name as entry element Juvenile Collection (Library of Congress)
Institution to which field applies DLC
856 42 - ELECTRONIC LOCATION AND ACCESS
Materials specified Contributor biographical information
Uniform Resource Identifier <a href="http://www.loc.gov/catdir/enhancements/fy1516/80025886-b.html">http://www.loc.gov/catdir/enhancements/fy1516/80025886-b.html</a>
856 42 - ELECTRONIC LOCATION AND ACCESS
Materials specified Publisher description
Uniform Resource Identifier <a href="http://www.loc.gov/catdir/enhancements/fy1516/80025886-d.html">http://www.loc.gov/catdir/enhancements/fy1516/80025886-d.html</a>
906 ## - LOCAL DATA ELEMENT F, LDF (RLIN)
a 7
b cbc
c orignew
d u
e ocip
f 19
g y-gencatlg
942 ## - ADDED ENTRY ELEMENTS (KOHA)
Source of classification or shelving scheme Dewey Decimal Classification
Koha item type Books
Suppress in OPAC No
Holdings
Withdrawn status Lost status Source of classification or shelving scheme Damaged status Not for loan Collection Home library Current library Shelving location Date acquired Total Checkouts Full call number Barcode Date last seen Date last checked out Price effective from Koha item type
    Dewey Decimal Classification     Fiction Footprints International School Library Network Toul Kork Campus Footprints International School Library Network Toul Kork Campus TK Primary Library Room(4th Floor), Bookcase 5&6, Shelves 33-56, Orange Books 03/02/2023 1 AAR 811.54 PZ8.A123 FISTK02449 12/19/2025 10/31/2025 03/02/2023 Books